000 00799nam a22002777a 4500
001 BR7502572
003 BR-BrBNA
005 20230928084743.0
007 ta
008 230509b bl.||||| |||| 00| 0 por d
040 _aBR-BrBNA
_bpor
_cBiblioteca Nacional de Agricultura
041 _a(Por)
072 _aL00
_b5212
_b/G514
090 _ 5212 BR7502572
100 1 _aAnon.
245 1 _aRelacao dos animais premiados na 2. Exposicao Regional de Aracatuba. 16. Exposicao-feira de animais e produtos derivados [Sao Paulo; Brasil]
260 3 _aAracatuba, SP (Brasil):
_c1975.
300 _a23 p.
650 _aProducao animal
650 _aBovino
650 _aExposicao pecuaria
650 _aAracatuba
650 _aSao Paulo
909 _a202309
_bLucia
_c55
_dLucia Elande
942 _cBK
999 _c20905
_d20905